Responses for Show #2423 - Wednesday, March 1, 1995

Missing prizes.

Contestants

[<< previous game]

Ray Harp, a credit manager from Anaheim, California

Ben Macrory, a law student originally from Washington, D.C.

Stephen Krisa, a municipal finance officer from Round Hill, Virginia (whose 1-day cash winnings total $12,801)

[next game >>]

Jeopardy! Round responses

"F" IN HISTORY
TV CHARACTERS
U.S. GOVERNMENT
DOGS
HOLIDAYS & OBSERVANCES
MACHINE PARTS
(Alex: We will give you the parts and you identify the machine for us.)
    $100 1
the feudal system

Ben
    $100 6
Lou Grant

Stephen
    $100 11
6 years

Stephen
    $100 21
Pekingese

Stephen
    $100 16
Shrove Tuesday

Stephen
    $100 26
a sewing machine

Ben
    $200 2
France

Stephen
    $200 7
(Stephen: Who is "OO-wing"? Ewing?)
(Alex: Be more specific.)

J.R. Ewing

Stephen
    $200 12
the judiciary

Ben
    $200 22
salt & pepper

Stephen
    $200 17
Guy Fawkes

Stephen
    $200 27
vacuum cleaner

Stephen
    $300 3
Fort Knox

Ben
    $300 8
Darrin (Stevens)

Ben
    $300 13
a bill

Ben
    $300 23
Switzerland

Ben
    $300 18
Columbus Day

Ray
    $300 28
a dryer

Stephen
    $400 4
Formosa

Ben
    $400 9
Venus Flytrap

Ben
    $400 14
the Department of Health (and Human Services)

Ray
    $400 24
(Ray: What are setters?)
(Ben: What are retrievers?)

Spaniels

BenRay
Triple Stumper
    $400 19
Groundhog Day

Ben
    $400 29
a ballpoint pen

Ben
    $500 5
the Fourteen Points

Ray
    $500 10
(Ben) Casey

Stephen
    $500 15
articles

Ray
    $500 25
a Husky

Ben
    $500 20
(Ben: Uh, what is Hindi?)

Hindu

BenRay
    $500 30
a steam iron

Ray

Scores at the first commercial break (after clue 15):

Stephen Ben Ray
$1,100 $2,000 $1,400

Scores at the end of the Jeopardy! Round:

Stephen Ben Ray
$2,200 $2,800 $2,300

Double Jeopardy! Round responses

ASIAN CITIES
MAGAZINES
ART & ARTISTS
MILITARY MEN
FOOD
THEATRE
    $200 10
India

Ben
    $200 30
Time

Ben
    $200 1
St. Peter's

Ben
    $200 19
Colin Powell

Ben
    $200 20
cheese

Ben
    $200 25
Ibsen

Ben
    $400 6
Kyoto

Ben
    $400 11
Seventeen

Ben
    $400 2
Versailles

Stephen
    $400 15
Antony & Cleopatra

Stephen
    $400 21
spaghetti

Ben
    $400 26
Shaw

Stephen
    $600 7
the Mekong

Ben
    $600 12
(Ray: What is Detective?)

Ellery Queen Mystery Magazine

Ray
Triple Stumper
    $600 3
(Somerset) Maugham

Stephen
    $600 16
Rickenbacker

Ben
    $600 22
strawberry & grape

Ray
    $600 27
tragedy

Stephen
    $800 8
Indonesia

Ben
    $800 13
The National Review

Ben
    $800 4
influenza

Ben
    $800 17
Marshall

Ben
    $800 23
(Ray: What is a danish?)
(Stephen: What is a torte?)

flan

StephenRay
Triple Stumper
    $800 28
(Samuel) Beckett

Stephen
    $1000 9
Iraq

Ray
    $1000 14
Lear's

Triple Stumper
    $1,000 5
(Ben: Who is Seurot? [*].[*].)
[Alex looks to judges]
(Ben: S-E-U-A-R-A-T.)
[Alex spells it correctly and gives Ben credit.]

(Georges) Seurat

Ben
    $1,400 18
(Ben: Uh... who is Montgomery?)

Lawrence of Arabia

Ben
    $1000 24
pupus

Triple Stumper
    $1000 29
Stanislavski

Ben

Scores at the end of the Double Jeopardy! Round:

Stephen Ben Ray
$4,600 $10,200 $2,500
(lock game)

[wagering suggestions for these scores]

Final Jeopardy! Round responses

NONFICTION
(Ben: [Softly] [*].)
(Alex: What were you saying?)
(Ben: [*]?)
(Alex: Who is [*]? Yes, your second choice is always the right one, you should go for that, I'm telling you; it happened in the game and you would have been correct, here.)
RayWho is Sir Arthur Conan Doyle?
$0
StephenWho was A.C. Doyle?
$2,101
BenWho is A.C. Doyle?
$999
Pinkerton

Final scores:

Stephen Ben Ray
$2,499 $9,201 $2,500
3rd place New champion: $9,201 2nd place

Game dynamics:

Coryat scores:

Stephen Ben Ray
$4,600 $11,600 $2,500
17 R,
1 W
29 R
(including 2 DDs),
3 W
(including 1 DD)
8 R,
3 W

Combined Coryat: $18,700

[game clues] [game scores] [suggest correction]

Game tape date: 1994-11-16
The J! Archive is created by fans, for fans. Scraping, republication, monetization, and malicious use prohibited; this site may use cookies and collect identifying information. See terms. The Jeopardy! game show and all elements thereof, including but not limited to copyright and trademark thereto, are the property of Jeopardy Productions, Inc. and are protected under law. This website is not affiliated with, sponsored by, or operated by Jeopardy Productions, Inc. Join the discussion at JBoard.tv.